[Event "Coronel Oviedo Friedmann Cup"]
[Site "Coronel Oviedo"]
[Date "2023.07.15"]
[Round "3"]
[White "Ibanez, Juan"]
[Black "Sosa, Juan"]
[Result "1-0"]
[WhiteElo "1811"]
[BlackElo "1527"]
[PlyCount "135"]
[EventDate "2023.07.14"]
[EventType "swiss"]
[EventRounds "7"]
[EventCountry "PAR"]
[SourceTitle "EXT 2024"]
[Source "ChessBase"]
[SourceDate "2023.10.10"]
[SourceVersion "1"]
[SourceVersionDate "2023.10.10"]
[SourceQuality "1"]

1. e4 e6 2. d4 d5 3. Nc3 Nf6 4. Bg5 Be7 5. e5 Nfd7 6. Bxe7 Qxe7 7. f4 a6 8. Nf3 c5 9. Qd2 Nc6 10. h4 b5 11. dxc5 Nxc5 12. Bd3 Bb7 13. h5 h6 14. 0-0-0 0-0-0 15. Rhe1 Kb8 16. Qf2 b4 17. Ne2 Rc8 18. Kb1 Na5 19. Ned4 Na4 20. Ka1 Qc5 21. Qf1 Ka7 22. Nb3 Qb6 23. Nxa5 Qxa5 24. Qf2+ Kb8 25. Qd4 Nc5 26. Nd2 Qb6 27. Kb1 a5 28. Nb3 a4 29. Nxc5 Rxc5 30. f5 Rhc8 31. fxe6 fxe6 32. Rf1 b3 33. Rd2 bxa2+ 34. Kxa2 Qa5 35. Rf7 Qxd2 36. Rxb7+ Ka8 37. Rb4 Ra5 38. Qb6 Ra7 39. Ba6 Qxb4 40. Qxb4 Rxa6 41. Qe7 Rxc2 42. Qf8+ Kb7 43. Qxg7+ Rc7 44. Qxh6 a3 45. bxa3 Rac6 46. Qg6 Rc2+ 47. Kb1 R2c3 48. h6 Rb3+ 49. Ka2 Rcc3 50. Qf7+ Kb8 51. Qf8+ Kb7 52. Qe7+ Kc6 53. h7 Rb8 54. Qd6+ Kb7 55. Qxb8+ Kxb8 56. h8Q+ Kb7 57. Qf6 Rc6 58. g4 d4 59. Qd8 Rc2+ 60. Kb3 Rc3+ 61. Kb4 Rc6 62. Qxd4 Ka8 63. Qe4 Kb7 64. g5 Kc7 65. Qxc6+ Kxc6 66. g6 Kd5 67. g7 Kxe5 68. g8Q 1-0

[Event "Ita op 1st"]
[Site "Ita"]
[Date "2022.02.13"]
[Round "7"]
[White "Ibanez, Juan"]
[Black "Latorre, Manuel"]
[Result "0-1"]
[WhiteElo "1819"]
[BlackElo "2318"]
[PlyCount "91"]
[EventDate "2022.02.11"]
[EventType "swiss"]
[EventRounds "7"]
[EventCountry "PAR"]
[SourceTitle "EXT 2023"]
[Source "ChessBase"]
[SourceDate "2022.10.05"]
[SourceVersion "1"]
[SourceVersionDate "2022.10.05"]
[SourceQuality "1"]

1. e4 e6 2. d4 d5 3. Nc3 Nf6 4. Bg5 Bb4 5. e5 h6 6. Bd2 Bxc3 7. bxc3 Ne4 8. Bd3 Nxd2 9. Qxd2 c5 10. h4 Qa5 11. dxc5 Nd7 12. Nf3 Nxc5 13. 0-0 Bd7 14. Rfb1 Rc8 15. Rb4 b6 16. Re1 Qxa2 17. Rg4 Nxd3 18. Qxd3 Qa3 19. Re3 g6 20. g3 Qe7 21. Rf4 a5 22. Nh2 g5 23. Rg4 Rc5 24. Qa6 Qd8 25. hxg5 hxg5 26. Rd4 Bb5 27. Qa7 Qc7 28. Qa8+ Qc8 29. Qa7 Qa6 30. Qb8+ Rc8 31. Qd6 Rc6 32. Qa3 Be2 33. c4 Bxc4 34. Ng4 Qb5 35. Nf6+ Kd8 36. Qc1 Qc5 37. Rg4 Kc7 38. Rxg5 d4 39. Re4 Bd3 40. Rh4 Rd8 41. Rg7 Bg6 42. Qf4 Qxc2 43. Kh2 d3 44. Rxg6 d2 45. Rg7 d1Q 46. Rxf7+ 0-1

[Event "PAR-ch sf"]
[Site "Asuncion"]
[Date "2017.08.16"]
[Round "8"]
[White "Ibanez, Juan"]
[Black "Ramirez, Jorge Guillermo"]
[Result "0-1"]
[WhiteElo "1895"]
[BlackElo "1813"]
[PlyCount "63"]
[EventDate "2017.08.11"]
[EventType "swiss"]
[EventRounds "9"]
[EventCountry "PAR"]
[SourceTitle "CBM 180 Extra"]
[Source "ChessBase"]
[SourceDate "2017.10.06"]
[SourceVersion "1"]
[SourceVersionDate "2017.10.06"]
[SourceQuality "1"]

1. e4 c5 2. Nf3 Nc6 3. d4 cxd4 4. Nxd4 Nf6 5. Nc3 e5 6. Ndb5 d6 7. Bg5 a6 8. Na3 b5 9. Nd5 Be7 10. Bxf6 Bxf6 11. c3 0-0 12. h4 Be6 13. Nc2 Rb8 14. a3 a5 15. g4 Bxh4 16. Qf3 Bg5 17. Bd3 h6 18. Qe2 Qd7 19. Nce3 b4 20. axb4 axb4 21. Ra6 bxc3 22. bxc3 Ne7 23. 0-0 Ng6 24. f3 Bxe3+ 25. Nxe3 Nf4 26. Qd2 Qd8 27. Bc4 Qc8 28. Qa2 Qc5 29. Re1 Nd3 30. Ra5 Bxc4 31. Qxc4 Qxc4 32. Nxc4 0-1

[Event "PAR-ch sf"]
[Site "Asuncion"]
[Date "2017.08.15"]
[Round "7"]
[White "Franco Pinanez, Miguel Augusto"]
[Black "Ibanez, Juan"]
[Result "1/2-1/2"]
[WhiteElo "1690"]
[BlackElo "1895"]
[PlyCount "130"]
[EventDate "2017.08.11"]
[EventType "swiss"]
[EventRounds "9"]
[EventCountry "PAR"]
[SourceTitle "CBM 180 Extra"]
[Source "ChessBase"]
[SourceDate "2017.10.06"]
[SourceVersion "1"]
[SourceVersionDate "2017.10.06"]
[SourceQuality "1"]

1. c4 Nf6 2. g3 e5 3. Bg2 Nc6 4. Nc3 Bc5 5. Nf3 0-0 6. 0-0 d6 7. d3 Bg4 8. Ne1 Qd7 9. Nc2 Bh3 10. Be3 Bxg2 11. Kxg2 Rad8 12. Rb1 Bxe3 13. Nxe3 Nd4 14. b4 Ng4 15. Nxg4 Qxg4 16. e3 Qxd1 17. Rfxd1 Ne6 18. Nb5 a6 19. Nc3 Ra8 20. d4 exd4 21. exd4 Rfe8 22. h4 f5 23. d5 Nf8 24. c5 Nd7 25. c6 bxc6 26. dxc6 Ne5 27. Nd5 Ra7 28. Rdc1 Kf7 29. a4 Rc8 30. b5 axb5 31. axb5 Nd3 32. Ra1 Rxa1 33. Rxa1 Ke6 34. Nc3 Ke5 35. Rd1 Nc5 36. f4+ Ke6 37. Ra1 d5 38. Ne2 g6 39. Ra7 Kd6 40. Nd4 Ne6 41. Nb3 d4 42. Kf2 Kd5 43. Nd2 Kc5 44. Rb7 h5 45. Nf3 Kd5 46. Ne5 Ke4 47. Ke2 Ra8 48. b6 Ra2+ 49. Kd1 cxb6 50. Re7 Kd5 51. c7 Ra8 52. Rd7+ Ke4 53. Re7 Nxc7 54. Rxc7 Ra2 55. Rc6 Ke3 56. Rxb6 d3 57. Nxd3 Kxd3 58. Rd6+ Ke3 59. Rxg6 Kf3 60. Rg5 Rg2 61. Rxh5 Rxg3 62. Rxf5 Rh3 63. Rf8 Rxh4 64. f5 Ke4 65. f6 Ke5 1/2-1/2

[Event "PAR-ch sf"]
[Site "Asuncion"]
[Date "2017.08.15"]
[Round "6"]
[White "Ibanez, Juan"]
[Black "Avalos Arguello, Jose Mathias"]
[Result "1/2-1/2"]
[WhiteElo "1895"]
[BlackElo "1714"]
[PlyCount "114"]
[EventDate "2017.08.11"]
[EventType "swiss"]
[EventRounds "9"]
[EventCountry "PAR"]
[SourceTitle "CBM 180 Extra"]
[Source "ChessBase"]
[SourceDate "2017.10.06"]
[SourceVersion "1"]
[SourceVersionDate "2017.10.06"]
[SourceQuality "1"]

1. e4 c5 2. Nf3 e6 3. d4 cxd4 4. Nxd4 Nc6 5. Nc3 Qc7 6. Be2 a6 7. a3 Nf6 8. 0-0 b5 9. Nb3 Bb7 10. f4 d6 11. Be3 Be7 12. Bd3 0-0 13. g4 Rfd8 14. g5 Ne8 15. Rf3 g6 16. Rh3 Bf8 17. Qe1 Bg7 18. Qh4 Ne7 19. Qxh7+ Kf8 20. Rf1 d5 21. Bc5 Nd6 22. f5 exf5 23. exf5 gxf5 24. Bxf5 Nexf5 25. Rxf5 Bc8 26. Rxf7+ Kxf7 27. Rf3+ Bf5 28. Rxf5+ Nxf5 29. Qxf5+ Kg8 30. Nxd5 Qd7 31. Ne7+ Kh8 32. Ng6+ Kg8 33. Ne7+ Kh8 34. Qxd7 Rxd7 35. c3 Re8 36. Ng6+ Kh7 37. Nf4 Re1+ 38. Kg2 Rb1 39. Kg3 Rxb2 40. Nd4 Be5 41. h4 Kg8 42. Kg4 Bxf4 43. Kxf4 Rf7+ 44. Ke5 Rh2 45. g6 Rf1 46. Be7 Re1+ 47. Kd6 Rg1 48. Bg5 Rhg2 49. Ne6 Rh1 50. Nc7 Rxg5 51. hxg5 Kg7 52. Nxa6 Ra1 53. Nc7 Rxa3 54. Nxb5 Rb3 55. c4 Kxg6 56. Nd4 Rd3 57. Kd5 Kxg5 1/2-1/2

[Event "PAR-ch sf"]
[Site "Asuncion"]
[Date "2017.08.12"]
[Round "2"]
[White "Ibanez, Juan"]
[Black "Pereira, Sergio1111"]
[Result "0-1"]
[WhiteElo "1895"]
[BlackElo "2006"]
[PlyCount "146"]
[EventDate "2017.08.11"]
[EventType "swiss"]
[EventRounds "9"]
[EventCountry "PAR"]
[SourceTitle "CBM 180 Extra"]
[Source "ChessBase"]
[SourceDate "2017.10.06"]
[SourceVersion "1"]
[SourceVersionDate "2017.10.06"]
[SourceQuality "1"]

1. e4 e6 2. d4 d5 3. Nc3 Bb4 4. e5 c5 5. a3 Bxc3+ 6. bxc3 Ne7 7. Qg4 0-0 8. Nf3 Nbc6 9. h4 Qa5 10. Bd2 cxd4 11. cxd4 Qa4 12. Bd3 Ng6 13. Bxg6 fxg6 14. c3 Qc2 15. h5 Qf5 16. Qxf5 gxf5 17. h6 g6 18. Bg5 Bd7 19. Bf6 Rfc8 20. Nd2 Na5 21. Rh3 Rc6 22. Rb1 Rac8 23. Rb5 b6 24. Nb1 R6c7 25. Rb2 Ba4 26. Bg5 Nc4 27. Re2 Bb5 28. Bc1 Na5 29. Ree3 Nb3 30. Bb2 Na5 31. Bc1 Kf7 32. g4 Nb3 33. Bb2 f4 34. Ref3 g5 35. Rh5 Rg8 36. Nd2 Nxd2 37. Kxd2 Be8 38. Rh1 Ke7 39. Ra1 Bg6 40. Rh3 b5 41. f3 Rgc8 42. Rhh1 Kd7 43. Rhc1 Rc4 44. a4 b4 45. a5 bxc3+ 46. Bxc3 Rb8 47. Ra2 Rb3 48. Raa1 Kc6 49. a6 Kb5 50. Ra5+ Kb6 51. Raa1 Kc6 52. Ra5 Kd7 53. Rc5 Rxc5 54. dxc5 Kc6 55. Ba5 Rxf3 56. Bd8 Rg3 57. Bxg5 Rxg4 58. Be7 Rg2+ 59. Kc3 f3 60. Rf1 Be4 61. Kd4 Ra2 62. Ke3 Rxa6 63. Rf2 Ra3+ 64. Kf4 Ra1 65. Ke3 Rg1 66. Kd4 Rg2 67. Rf1 Rb2 68. Ke3 Re2+ 69. Kd4 Rh2 70. Bg5 Rb2 71. Be3 Rb3 72. Rd1 a5 73. Bc1 a4 0-1

[Event "Asuncion Clasificatorio op 6th"]
[Site "Asuncion"]
[Date "2017.08.06"]
[Round "7.3"]
[White "Ibanez, Juan"]
[Black "Heinechen, John"]
[Result "1-0"]
[WhiteElo "1895"]
[BlackElo "1982"]
[PlyCount "101"]
[EventDate "2017.08.04"]
[EventType "swiss"]
[EventRounds "7"]
[EventCountry "PAR"]
[SourceTitle "EXT 2023"]
[Source "ChessBase"]
[SourceDate "2022.10.05"]
[SourceVersion "1"]
[SourceVersionDate "2022.10.05"]
[SourceQuality "1"]

1. e4 c5 2. Nf3 e6 3. d4 cxd4 4. Nxd4 a6 5. Bd3 Qc7 6. c4 Nf6 7. Nc3 Be7 8. 0-0 0-0 9. Kh1 d6 10. Be3 Nbd7 11. f4 b6 12. g4 Nc5 13. g5 Nfd7 14. Bc2 Re8 15. Rf3 Nf8 16. f5 g6 17. f6 Bd8 18. Qe1 Nfd7 19. Qh4 h5 20. Rh3 Bb7 21. Bd1 Nxe4 22. Nxe4 Bxe4+ 23. Qxe4 Qxc4 24. Bb3 d5 25. Bxc4 dxe4 26. Be2 b5 27. Rc1 Nb6 28. Rh4 Nd5 29. Rxe4 Bb6 30. Nc2 Rac8 31. Bxb6 Nxb6 32. Bf1 Red8 33. Ree1 Rd2 34. Nb4 Rcd8 35. Nc6 R8d6 36. Ne7+ Kh7 37. Nc8 Nxc8 38. Rxc8 Rxb2 39. Rf8 Rdd2 40. Rxf7+ Kg8 41. Rg7+ Kf8 42. Rc1 Rxh2+ 43. Kg1 Rhc2 44. Rxc2 Rxc2 45. Bh3 Re2 46. Rxg6 a5 47. Rg7 a4 48. g6 Re5 49. Kf2 b4 50. Rb7 Ke8 51. g7 1-0

[Event "Asuncion Mayor Clasif op"]
[Site "Asuncion"]
[Date "2016.02.29"]
[Round "7"]
[White "Heinechen, John"]
[Black "Ibanez, Juan"]
[Result "0-1"]
[WhiteElo "1933"]
[BlackElo "1885"]
[PlyCount "74"]
[EventDate "2016.02.26"]
[EventType "swiss"]
[EventRounds "7"]
[EventCountry "PAR"]
[SourceTitle "CBM 171 Extra"]
[Source "ChessBase"]
[SourceDate "2016.04.26"]
[SourceVersion "1"]
[SourceVersionDate "2016.04.26"]
[SourceQuality "1"]

1. e4 c5 2. Nf3 Nc6 3. Nc3 e6 4. g3 g6 5. Bg2 Bg7 6. 0-0 Nge7 7. d3 Nd4 8. Nh4 0-0 9. f4 d6 10. Be3 Rb8 11. Qd2 b5 12. Rae1 b4 13. Nd1 Qa5 14. a3 Qa4 15. axb4 Nxc2 16. Re2 Nxe3 17. Nxe3 Qxb4 18. Nf3 Nc6 19. Qxb4 Rxb4 20. Nc4 Ba6 21. Nfd2 Bxb2 22. Rd1 Rd8 23. Nf3 Bxc4 24. dxc4 Nd4 25. Red2 a5 26. Ne1 a4 27. Nd3 Rdb8 28. Nxb4 Rxb4 29. e5 dxe5 30. fxe5 a3 31. Be4 a2 32. Ra1 Bxa1 33. Rxa2 Bc3 34. Bd3 Nf3+ 35. Kf2 Nxe5 36. Ra8+ Kg7 37. Bf1 Bd4+ 0-1

[Event "Asuncion Mayor Clasif op"]
[Site "Asuncion"]
[Date "2016.02.28"]
[Round "5"]
[White "Ibanez, Juan"]
[Black "Vargas, Gabriela"]
[Result "1-0"]
[WhiteElo "1885"]
[BlackElo "2078"]
[PlyCount "111"]
[EventDate "2016.02.26"]
[EventType "swiss"]
[EventRounds "7"]
[EventCountry "PAR"]
[SourceTitle "CBM 171 Extra"]
[Source "ChessBase"]
[SourceDate "2016.04.26"]
[SourceVersion "1"]
[SourceVersionDate "2016.04.26"]
[SourceQuality "1"]

1. e4 e6 2. d4 d5 3. Nc3 Bb4 4. e5 Qd7 5. Qg4 f5 6. Qg3 b6 7. Bd2 Ba6 8. Nge2 Nc6 9. h4 0-0-0 10. Rh3 Kb7 11. a3 Bxc3 12. Bxc3 Nh6 13. a4 f4 14. Qxf4 Rhf8 15. Qd2 Qe7 16. b4 Bxe2 17. Bxe2 Qf7 18. Bf3 Qf4 19. Qd3 Qf5 20. Qe2 Qf4 21. Qd3 Qf5 22. b5 Ne7 23. Qd2 Qf4 24. Bb4 Qxd2+ 25. Kxd2 Rd7 26. Bxe7 Rxe7 27. c4 Kb8 28. cxd5 exd5 29. Rc1 Rd7 30. Kd3 Rf4 31. Ke3 Rxh4 32. Rxh4 Nf5+ 33. Kf4 Nxh4 34. e6 Rd6 35. Re1 Ng6+ 36. Kg5 Ne7 37. Bg4 Rd8 38. f4 Rf8 39. f5 Kc8 40. Bh3 Kd8 41. g4 Ng8 42. Bg2 Ne7 43. Re5 h6+ 44. Kh4 c6 45. bxc6 Kc7 46. Bxd5 Rd8 47. Bf3 Rxd4 48. a5 Rb4 49. axb6+ axb6 50. Kg3 b5 51. Re3 Rd4 52. Ra3 Kb6 53. Ra8 h5 54. Re8 hxg4 55. Rxe7 gxf3 56. Kxf3 1-0

[Event "Florianopolis op 2nd"]
[Site "Florianopolis"]
[Date "2016.01.18"]
[Round "4"]
[White "Brandao, Renan Alves"]
[Black "Ibanez, Juan"]
[Result "1-0"]
[WhiteElo "2109"]
[BlackElo "1872"]
[PlyCount "121"]
[EventDate "2016.01.16"]
[EventType "swiss"]
[EventRounds "10"]
[EventCountry "BRA"]
[SourceTitle "CBM 170 Extra"]
[Source "ChessBase"]
[SourceDate "2016.02.25"]
[SourceVersion "1"]
[SourceVersionDate "2016.02.25"]
[SourceQuality "1"]

1. e4 c5 2. Nf3 a6 3. c4 e6 4. Nc3 Nc6 5. d4 cxd4 6. Nxd4 Qc7 7. Be2 Nf6 8. Nc2 Be7 9. 0-0 0-0 10. f4 d6 11. Be3 b6 12. Qe1 Bb7 13. Qf2 Nd7 14. Rac1 Rab8 15. a3 Bf6 16. Nd4 Nxd4 17. Bxd4 Bxd4 18. Qxd4 Rfd8 19. b4 Ba8 20. Rcd1 Nf6 21. Rd3 Rbc8 22. Rg3 Ne8 23. Qe3 Kh8 24. f5 Nf6 25. Rxg7 e5 26. Qh6 Qe7 27. Bh5 Qf8 28. Qxf6 Qxg7 29. Qxf7 Qg5 30. Bg6 hxg6 31. fxg6 Qe3+ 32. Rf2 Qh6 33. Rf3 Rg8 34. Rh3 Qxh3 35. gxh3 Rg7 36. Qf5 Bb7 37. h4 Rxg6+ 38. Qxg6 Rg8 39. Qxg8+ Kxg8 40. Kf2 Kg7 41. Kf3 Kh6 42. Nd1 Kh5 43. Ne3 b5 44. Nf5 bxc4 45. Nxd6 c3 46. Ke3 c2 47. Kd2 Bc6 48. Kxc2 Kxh4 49. Kd3 Kh3 50. Nf7 Kxh2 51. Nxe5 Be8 52. Kd4 Kg3 53. Nd3 Bc6 54. e5 Kg4 55. Nc5 Bb5 56. Kd5 Kf5 57. a4 Be8 58. Kd6 Kf4 59. e6 Ke3 60. Nxa6 Bxa4 61. Nc7 1-0

[Event "Florianopolis op 2nd"]
[Site "Florianopolis"]
[Date "2016.01.17"]
[Round "3"]
[White "Ibanez, Juan"]
[Black "Ramirez Brizuela, Juan Bartolome"]
[Result "1-0"]
[WhiteElo "1872"]
[BlackElo "1486"]
[PlyCount "26"]
[EventDate "2016.01.16"]
[EventType "swiss"]
[EventRounds "10"]
[EventCountry "BRA"]
[SourceTitle "CBM 170 Extra"]
[Source "ChessBase"]
[SourceDate "2016.02.25"]
[SourceVersion "1"]
[SourceVersionDate "2016.02.25"]
[SourceQuality "1"]

1. e4 g6 2. d4 Bg7 3. Nc3 c6 4. Be3 d5 5. f3 h5 6. Qd2 b6 7. 0-0-0 Ba6 8. Nge2 e6 9. Kb1 Nd7 10. Nf4 Bxf1 11. Rhxf1 Bh6 12. exd5 cxd5 13. Rfe1 Ngf6 1-0

[Event "Asuncion op"]
[Site "Asuncion"]
[Date "2015.10.17"]
[Round "7"]
[White "Ibanez, Juan"]
[Black "Recalde, Ariel"]
[Result "1/2-1/2"]
[WhiteElo "1924"]
[BlackElo "1961"]
[PlyCount "135"]
[EventDate "2015.10.08"]
[EventType "swiss"]
[EventRounds "9"]
[EventCountry "PAR"]
[SourceTitle "CBM 168 Extra"]
[Source "ChessBase"]
[SourceDate "2015.10.29"]
[SourceVersion "1"]
[SourceVersionDate "2015.10.29"]
[SourceQuality "1"]

1. e4 c6 2. Nc3 d5 3. d4 dxe4 4. Nxe4 Nd7 5. Nf3 Ngf6 6. Bd3 Nxe4 7. Bxe4 Nf6 8. Bd3 Bf5 9. 0-0 Bxd3 10. Qxd3 e6 11. b3 Be7 12. Bb2 0-0 13. Rfe1 Qc7 14. c4 Rad8 15. Rad1 c5 16. Qe2 Rfe8 17. d5 Bf8 18. Bxf6 gxf6 19. Qe4 Bg7 20. Qg4 f5 21. Qh5 exd5 22. Rxe8+ Rxe8 23. cxd5 Qd7 24. h3 h6 25. Qh4 b5 26. Qf4 Re4 27. Qb8+ Re8 28. Qf4 Re4 29. Qc1 c4 30. bxc4 Rxc4 31. Qe3 Re4 32. Qc5 Rc4 33. Qe3 Re4 34. Qc5 Rc4 35. Qa3 Ra4 36. Qb3 a5 37. d6 Re4 38. Qd5 a4 39. Nd4 Bxd4 40. Rxd4 b4 41. Rxe4 fxe4 42. Qxe4 Qxd6 43. Qe8+ Kg7 44. Qxa4 Qd2 45. Qa7 Qe1+ 46. Kh2 Qe5+ 47. g3 Qa1 48. Qa4 Qd4 49. Kg1 Qc3 50. Qd1 Qb2 51. Kg2 Qc3 52. Qg4+ Kf8 53. Qe4 Qd2 54. h4 Kg7 55. Qe5+ Kh7 56. Qc5 Kg7 57. Kf3 Qd3+ 58. Kf4 Qd2+ 59. Kf3 Qd3+ 60. Kg2 Qd2 61. Qc4 Qc3 62. Qb3 Qc6+ 63. Kf1 Qh1+ 64. Ke2 Qe4+ 65. Kd2 Qd4+ 66. Kc1 Qxf2 67. Qb2+ Qf6 68. Qxb4 1/2-1/2

[Event "Asuncion op"]
[Site "Asuncion"]
[Date "2015.10.11"]
[Round "4"]
[White "Ibanez, Juan"]
[Black "Pereira, Sergio1111"]
[Result "0-1"]
[WhiteElo "1924"]
[BlackElo "1885"]
[PlyCount "108"]
[EventDate "2015.10.08"]
[EventType "swiss"]
[EventRounds "9"]
[EventCountry "PAR"]
[SourceTitle "CBM 168 Extra"]
[Source "ChessBase"]
[SourceDate "2015.10.29"]
[SourceVersion "1"]
[SourceVersionDate "2015.10.29"]
[SourceQuality "1"]

1. e4 c5 2. Ne2 d6 3. Nbc3 Nf6 4. d4 cxd4 5. Nxd4 a6 6. Be2 e5 7. Nb3 Be7 8. 0-0 0-0 9. f4 Nc6 10. f5 b5 11. a3 b4 12. axb4 Nxb4 13. Bf3 Bb7 14. Na5 Qb6+ 15. Kh1 Rad8 16. Nxb7 Qxb7 17. Qe2 Rfe8 18. Ra4 Rc8 19. Rd1 Rc6 20. g4 Nd7 21. g5 Nc5 22. Ra1 Bf8 23. Bh5 g6 24. Bg4 Rd8 25. h4 Rc7 26. Nd5 Nxd5 27. Rxd5 Qb4 28. Bf3 gxf5 29. c3 Qb7 30. Rxc5 Rxc5 31. exf5 e4 32. Qxe4 d5 33. Qd3 Qe7 34. Be3 Rc4 35. Bd4 Qc7 36. Kg2 Qb7 37. b4 Qb5 38. Qd2 Qd7 39. Qf4 Re8 40. Rxa6 Re1 41. Ra5 Rc6 42. Bxd5 Rd6 43. c4 Qe7 44. Ra7 Qe2+ 45. Bf2 Rd1 46. Bxf7+ Kh8 47. Bd5 Qf1+ 48. Kg3 Rd3+ 49. Kg4 R6xd5 50. g6 Qe2+ 51. Kg5 h6+ 52. Kf6 Rd6+ 53. Kf7 Rd7+ 54. Kxf8 Qe7# 0-1

[Event "Asuncion op"]
[Site "Asuncion"]
[Date "2015.10.11"]
[Round "3"]
[White "Lipiniks, Leonardo"]
[Black "Ibanez, Juan"]
[Result "0-1"]
[WhiteElo "1838"]
[BlackElo "1924"]
[PlyCount "78"]
[EventDate "2015.10.08"]
[EventType "swiss"]
[EventRounds "9"]
[EventCountry "PAR"]
[SourceTitle "CBM 168 Extra"]
[Source "ChessBase"]
[SourceDate "2015.10.29"]
[SourceVersion "1"]
[SourceVersionDate "2015.10.29"]
[SourceQuality "1"]

1. d4 c5 2. e3 g6 3. c4 Bg7 4. Nc3 Nf6 5. Nf3 0-0 6. Be2 d5 7. 0-0 cxd4 8. Nxd4 a6 9. b3 dxc4 10. Bxc4 b5 11. Be2 Bb7 12. Bb2 Nbd7 13. Bf3 Qb6 14. Bxb7 Qxb7 15. Qf3 Qxf3 16. Nxf3 Nc5 17. Rad1 Rfd8 18. Rxd8+ Rxd8 19. Rd1 Rxd1+ 20. Nxd1 Nfe4 21. Bxg7 Kxg7 22. Ne1 Kf6 23. b4 Na4 24. Kf1 Nec3 25. Nxc3 Nxc3 26. a3 Ke6 27. Nc2 Kd5 28. Ke1 Kc4 29. Kd2 Ne4+ 30. Ke2 Kb3 31. Nd4+ Kxa3 32. Nc6 Nc3+ 33. Kd3 Nd5 34. Kd4 Nxb4 35. Nxe7 Kb3 36. Kc5 a5 37. e4 a4 38. Nd5 Nd3+ 39. Kxb5 a3 0-1

[Event "Asuncion op"]
[Site "Asuncion"]
[Date "2015.10.08"]
[Round "1"]
[White "Ibanez, Juan"]
[Black "Florentin, Damaso"]
[Result "0-1"]
[WhiteElo "1924"]
[BlackElo "1642"]
[PlyCount "94"]
[EventDate "2015.10.08"]
[EventType "swiss"]
[EventRounds "9"]
[EventCountry "PAR"]
[SourceTitle "CBM 168 Extra"]
[Source "ChessBase"]
[SourceDate "2015.10.29"]
[SourceVersion "1"]
[SourceVersionDate "2015.10.29"]
[SourceQuality "1"]

1. e4 c6 2. d4 d6 3. Nc3 Qc7 4. a4 e5 5. Nf3 Be7 6. Bc4 Nf6 7. h3 0-0 8. 0-0 h6 9. Re1 a6 10. a5 Nbd7 11. Be3 c5 12. dxe5 dxe5 13. Nd5 Nxd5 14. Qxd5 Nf6 15. Qxe5 Bd6 16. Qc3 Nxe4 17. Qb3 Bf5 18. Bd5 Rab8 19. Bxh6 c4 20. Qb6 Nf6 21. Qd4 Rbd8 22. Bg5 Nxd5 23. Bxd8 Rxd8 24. Ng5 Nb4 25. Rad1 Bh2+ 26. Kh1 Rc8 27. Qe3 Bd6 28. Qf3 Bg6 29. Qg4 Rf8 30. Ne4 Be5 31. c3 Nd3 32. Re2 Qxa5 33. Red2 Qc7 34. h4 Qc6 35. Ng5 f5 36. Qe2 Nf4 37. Qf1 Bc7 38. Rd7 Nd3 39. Rxc7 Qxc7 40. Ne6 Qb6 41. Nxf8 Kxf8 42. Rd2 Qf6 43. g3 Bh5 44. f4 Qc6+ 45. Kh2 Qf3 46. Qxf3 Bxf3 47. b3 cxb3 0-1

[Event "Este op 5th"]
[Site "Ciudad del Este"]
[Date "2015.08.29"]
[Round "4"]
[White "Heinechen, Juan"]
[Black "Ibanez, Juan"]
[Result "1-0"]
[WhiteElo "1835"]
[BlackElo "1912"]
[PlyCount "85"]
[EventDate "2015.08.28"]
[EventType "swiss"]
[EventRounds "7"]
[EventCountry "PAR"]
[SourceTitle "EXT 2016"]
[Source "ChessBase"]
[SourceDate "2015.10.08"]
[SourceVersion "1"]
[SourceVersionDate "2015.10.08"]
[SourceQuality "1"]

1. e4 c5 2. Nc3 Nc6 3. Bb5 Nd4 4. Nf3 Nxb5 5. Nxb5 a6 6. Nc3 e6 7. d4 cxd4 8. Qxd4 Ne7 9. Bg5 Nc6 10. Qe3 Qa5 11. a3 Bc5 12. Qd2 0-0 13. 0-0 Qc7 14. Na4 Be7 15. Bf4 Qa5 16. Qxa5 Nxa5 17. Nb6 Ra7 18. Bb8 Nc6 19. Bxa7 Nxa7 20. Rad1 d6 21. c4 Nc6 22. Rfe1 f6 23. Nd4 Kf7 24. b4 Ne5 25. f4 Nd7 26. Na4 Bd8 27. f5 Nb6 28. Nb2 e5 29. Nb3 Be7 30. Rd3 Nd7 31. Na4 b6 32. Kf2 Bb7 33. c5 bxc5 34. Nbxc5 Nxc5 35. bxc5 dxc5 36. Rd7 Bc6 37. Rc7 Rb8 38. Nxc5 Rb6 39. Ne6 Bb5 40. Rd1 g6 41. Rd8 Be8 42. Ra8 gxf5 43. exf5 1-0

[Event "Este op 5th"]
[Site "Ciudad del Este"]
[Date "2015.08.29"]
[Round "3"]
[White "Ibanez, Juan"]
[Black "Britez, G Jorge A"]
[Result "1-0"]
[WhiteElo "1912"]
[BlackElo "1816"]
[PlyCount "41"]
[EventDate "2015.08.28"]
[EventType "swiss"]
[EventRounds "7"]
[EventCountry "PAR"]
[SourceTitle "EXT 2016"]
[Source "ChessBase"]
[SourceDate "2015.10.08"]
[SourceVersion "1"]
[SourceVersionDate "2015.10.08"]
[SourceQuality "1"]

1. e4 c6 2. d4 d5 3. Nc3 dxe4 4. Nxe4 Bf5 5. Ng3 Bg6 6. h4 h6 7. Nf3 Nd7 8. Bd3 Bxd3 9. Qxd3 e6 10. Bd2 Ngf6 11. 0-0-0 Be7 12. Kb1 0-0 13. Ne4 Nxe4 14. Qxe4 Nf6 15. Qe2 Qd5 16. Rhe1 b5 17. Bc1 b4 18. Ne5 Qb5 19. Rd3 Rfd8 20. Nxf7 Kxf7 21. Bxh6 1-0

[Event "Asuncion Clasificatorio op 4th"]
[Site "Asuncion"]
[Date "2015.08.16"]
[Round "5.3"]
[White "Ibanez, Juan"]
[Black "Rivarola, Paul"]
[Result "1-0"]
[WhiteElo "1912"]
[BlackElo "1726"]
[PlyCount "59"]
[EventDate "2015.08.14"]
[EventType "swiss"]
[EventRounds "7"]
[EventCountry "PAR"]
[SourceTitle "EXT 2023"]
[Source "ChessBase"]
[SourceDate "2022.10.05"]
[SourceVersion "1"]
[SourceVersionDate "2022.10.05"]
[SourceQuality "1"]

1. e4 c6 2. d4 g6 3. Be3 d5 4. e5 Bh6 5. Qd2 Bxe3 6. Qxe3 Qb6 7. b3 Bf5 8. c3 Bxb1 9. Rxb1 e6 10. h4 Nd7 11. h5 0-0-0 12. Nf3 gxh5 13. Rxh5 f6 14. Bd3 fxe5 15. Nxe5 Ngf6 16. Rg5 Rhg8 17. Nxd7 Nxd7 18. Rxg8 Rxg8 19. Qxe6 Qd8 20. Kf1 Qg5 21. g3 h5 22. Bf5 Rg7 23. Qe8+ Kc7 24. Bxd7 Re7 25. Qc8+ Kb6 26. Be6 h4 27. Qd8+ Ka6 28. b4 b6 29. a4 Qg7 30. Qc8+ 1-0

[Event "South America-ch U20"]
[Site "Asuncion"]
[Date "2013.05.22"]
[Round "8"]
[White "Heinechen, John"]
[Black "Ibanez, Juan"]
[Result "1/2-1/2"]
[WhiteElo "1838"]
[BlackElo "2001"]
[PlyCount "115"]
[EventDate "2013.05.17"]
[EventType "swiss"]
[EventRounds "9"]
[EventCountry "PAR"]
[SourceTitle "CBM 154 Extra"]
[Source "ChessBase"]
[SourceDate "2013.06.25"]
[SourceVersion "2"]
[SourceVersionDate "2013.06.25"]
[SourceQuality "1"]

1. e4 e5 2. Nf3 d6 3. d4 exd4 4. Qxd4 Nf6 5. Bg5 Be7 6. Nc3 0-0 7. 0-0-0 Nc6 8. Qd2 Be6 9. Bd3 Nb4 10. Rhe1 c5 11. a3 Nxd3+ 12. Qxd3 Qa5 13. Nd5 Bxd5 14. exd5 Bd8 15. Bd2 Qa4 16. Bc3 Ba5 17. Bxa5 Qxa5 18. Re7 b5 19. Nd2 c4 20. Qd4 c3 21. Nb3 cxb2+ 22. Kxb2 Qa6 23. Rd3 Rfe8 24. Rde3 Kf8 25. Rc7 Rxe3 26. fxe3 Qb6 27. Rc6 Qxd4+ 28. exd4 Nxd5 29. Rxd6 Ne3 30. Kc3 Nxg2 31. Rd5 a6 32. Nc5 Ne3 33. Re5 Nc4 34. Nd7+ Kg8 35. Rc5 f6 36. a4 Nd6 37. Kd3 bxa4 38. Nb6 Rd8 39. Nxa4 Nb5 40. d5 h5 41. c4 Nd6 42. Rc6 Nf7 43. Ke2 Ne5 44. Rc7 Nxc4 45. Rxc4 Rxd5 46. Nc3 Ra5 47. Kf3 Kh7 48. h4 Kh6 49. Rc6 Ra3 50. Kg2 a5 51. Rc4 a4 52. Rxa4 Rxc3 53. Ra5 Kg6 54. Rd5 Re3 55. Kg1 Rb3 56. Kh2 Re3 57. Kg2 Re4 58. Kg3 1/2-1/2